Report of the National Trades Certification Investigation Committee, 1952 (Record no. 489446)

000 -LEADER
fixed length control field 00660cam a22001457a 4500
008 - FIXED-LENGTH DATA ELEMENTS--GENERAL INFORMATION
fixed length control field 180718b1954 xxu||||| |||| 00| 0 eng d
082 ## - DEWEY DECIMAL CLASSIFICATION NUMBER
Classification number P62x54 In2n
100 ## - MAIN ENTRY--PERSONAL NAME
Personal name India. National Trades Certification Investigation Committee
245 ## - TITLE STATEMENT
Title Report of the National Trades Certification Investigation Committee, 1952
Statement of responsibility, etc. by Directorate General of Pesettlement and Employment, Ministry of Labour
260 ## - PUBLICATION, DISTRIBUTION, ETC.
Place of publication, distribution, etc. Delhi
Name of publisher, distributor, etc. The Manager of Publications
Date of publication, distribution, etc. 1954
300 ## - PHYSICAL DESCRIPTION
Extent 208p.
500 ## - GENERAL NOTE
General note Chairman: M. Ananthasayanam Ayyangar
700 ## - ADDED ENTRY--PERSONAL NAME
Personal name India. Ministry of Labour. Directorate General of Resettlement and Employment
700 ## - ADDED ENTRY--PERSONAL NAME
Personal name Ayyangar, M. Ananthasayanam (Chairman)
Holdings
Withdrawn status Lost status Damaged status Not for loan Permanent Location Current Location Date acquired Full call number Barcode Date last seen Price effective from Koha item type
        Indian Institute of Public Administration Indian Institute of Public Administration 2018-08-04 P62x54 In2n G3776 2018-08-04 2018-08-04 G

Powered by Koha